000 01958cam a2200169 4500500
005 20260111114814.0
041 _afre
042 _adc
100 1 0 _aBruna, Maria Giuseppina
_eauthor
245 0 0 _aFrimousse S., Bentaleb C. et Scouarnec A. (Coord.), 2016, Les défis du management au Maghreb. RH, RSE, marketing, stratégie, entreprenariat…, Introduction de Jacques Igalens, postface de Jean-Marie Peretti, Paris, Management & Prospective editions
260 _c2016.
500 _a59
520 _aDans un contexte de carrière changeante, il apparait important pour les salariés de développer une identité de carrière pour mieux guider leur trajectoire professionnelle. Ce papier propose l’employabilité par les compétences comme un facteur qui pourrait influer favorablement sur l’identité de carrière d’un salarié. Il se base sur une étude empirique par questionnaire réalisée auprès de 264 salariés exerçant dans des entreprises de divers secteurs d’activités. Les résultats démontrent et discutent le rôle important joué par deux dimensions spécifiques de l’employabilité par les compétences dans la promotion de l’identité de carrière.
520 _aIn a context of boundaryless career, it seems important for employees to develop a career identity to better guide their professional trajectory. This paper proposes competence-based approach to employability as a factor that could influence positively on career identity of an employee. It is based on an empirical questionnaire survey conducted among 264 employees working in companies from various sectors. Results show and discuss the important role of two specific dimensions of employability through skills in enhancing career identity.
786 0 _nQuestion(s) de management | 14 | 3 | 2016-12-12 | p. 161a-162a | 2262-7030
856 4 1 _uhttps://shs.cairn.info/revue-questions-de-management-2016-3-page-161a?lang=fr&redirect-ssocas=7080
999 _c1633538
_d1633538